| 000 | 00484nam a22001937a 4500 | ||
|---|---|---|---|
| 003 | MPLRDC | ||
| 005 | 20220104155157.0 | ||
| 008 | 210129b ||||| |||| 00| 0 eng d | ||
| 020 | _a962-451-805-X | ||
| 082 | _a855 TJ-8 | ||
| 100 | _a陶杰 | ||
| 245 |
_a自恋红烛 _c |
||
| 250 | _a一版二刷 | ||
| 260 |
_a _b皇冠出版社(香港)有限公司 _c2004 |
||
| 300 | _b平 | ||
| 490 | _a陶杰精选作品; 4 | ||
| 650 | _a散文;随笔、日记 | ||
| 942 |
_cBK _o855 TJ-8 |
||
| 999 |
_c54368 _d54358 |
||